000 00219 a2200097 4500
100 _aSmith H
245 _aForgotten truth
260 _aLahore
_bSuhail academy
_c
090 _c26713
_d26713
942 _aNUST-CAE
_cM
_c18573
999 _c409206
_d409206